000 00623nam a2200193 a 4500
001 000010145
005 20240412074215.0
008 091005s1974 dr 001 0 spa d
040 _aDO-SdBNP
082 _aRD861.42
_bD676a
100 1 _aDonastorg, Tarquino,
_d1906 -1989
_925139
245 1 0 _aArpegios de la tarde /
_cTarquino Donastorg.
260 _aSan Pedro de Macorís, República Dominicana :
_bEsfuerzo,
_c1974.
300 _a56 p. ;
_c21 cm.
590 _aLa biblioteca posee 2 ejemplares autografíados por el autor
650 0 _aPoesía dominicana
_966
650 0 _aLiteratura dominicana.
_967
049 _aBNPD
999 _c9904
_d9904